Statistics for Pairs #18

Click here to take the quiz!

General Stats

  • This quiz has been taken 71 times
  • The average score is 21 of 25

Answer Stats

HintAnswer% Correct
HerbsSpices
97%
MilkHoney
93%
HereNow
93%
HeavenHell
92%
NookCranny
90%
ToFro
90%
ShowTell
90%
RiseFall
89%
LoudProud
89%
ShockAwe
87%
CockBull
85%
PlainSimple
85%
ShortSweet
85%
RoughTough
85%
TownCountry
84%
WellGood
84%
FlotsamJetsam
84%
RunJump
82%
CoatTie
77%
PorkBeans
75%
BingePurge
75%
BiscuitsGravy
74%
BigBad
67%
BitBridle
67%
PissVinegar
64%

Score Distribution

Percentile by Number Answered

Percent of People with Each Score

Your Score History

You have not taken this quiz